000
00298nam a22001337a 4500
008
180806b xxu||||| |||| 00| 0 eng d
082
_a
813.52
245
_a
Fundamentals of Nursing
_c
Kluwer,W
260
_c
2008
300
_a
1
_f
CD
440
_x
9780781776028
760
_b
6th
942
_2
ddc
_c
MX
999
_c
46836
_d
46836